00506nam a2200157Ia 4500003000400000008004100004040000800045100001700053245008800070260002700158300001400185901002100199942001200220952009900232999001700331LDD181029s9999 xx 000 0 und d cLDD aDurrany, K.S 0aReligion in societybselect Indian press index of comparative religioncK.S Durrany aNew DelhibUppalc1983 axxi, 315p a2126b02-01-2001 2ddccBK 00102ddc4070932548aLDDbLDDd2018-11-01l0o291 D937Rp015865r2018-11-01w2018-11-01yBK c32549d32549